Debut Albums by Rapper - Statistics

General Stats
  • This quiz has been taken 56 times
  • The average score is 8 of 15
Answer Stats
Hint Answer % Correct
50 Cent Get Rich or Die Tryin'
83%
Nas Illmatic
83%
Dr. Dre The Chronic
83%
Kendrick Lamar Section.80
77%
The Notorious B.I.G Ready to Die
75%
N.W.A Straight Outta Compton
73%
Snoop Dogg Doggystyle
71%
JAY-Z Reasonable Doubt
58%
Wu-Tang Clan Enter the Wu-Tang
54%
Eminem Infinite
50%
2Pac 2Pacalypse Now
31%
J. Cole Cole World
21%
D12 Devil's Night
19%
Beastie Boys Licensed to Ill
15%
Mobb Deep Juvenile Hell
13%
No matching quizzes found
Score Distribution
Percent of People with Each Score
Percentile by Number Answered
Your Score History
You have not taken this quiz